| 000 | 00858nam a22002177a 4500 | ||
|---|---|---|---|
| 999 |
_c10963 _d10963 |
||
| 003 | AR-CdUCM | ||
| 008 | 190402b ||||| |||| 00| 0 spa d | ||
| 040 |
_aMUNICIPALIDAD PROVINCIAL DEL CUSCO _cBIBLIOTECA MUNICIPAL DEL CUSCO |
||
| 082 |
_a346.9C3 / _bC79 / 1939 |
||
| 100 |
_aCornejo, Angel Gustavo, _928050 |
||
| 245 |
_aCódigo civil : _b exposición sistemática y comentario / |
||
| 260 |
_aLima : _bImprenta Gil, _c1939. |
||
| 300 |
_a429 paginas ; _c22 cm. |
||
| 505 | _aContenido : t.2: Formación del contrato N° 27-46 -- Clasificación de los contratos N° 47-75 -- De las estipulaciones a favor de tercero N° 75-84 -- De las arras N°85-87... | ||
| 650 |
_aCódigo civil _928051 |
||
| 650 |
_aNoción técnico jurídico _928052 |
||
| 650 |
_aDerecho _9739 |
||
| 650 |
_aLegislación Peruana _99407 |
||
| 942 |
_2ddc _cLIBROS |
||
| 945 | _awnts | ||